000 00568nam a22001817a 4500
003 SISC
005 20170627100325.0
008 170627b xxu||||| |||| 00| 0 eng d
020 _a9789719805113
050 _aKPM 2790
_b.V35 2016
100 _aValdez, Eduardo Victor J.
245 _aTaxation law /
_cEduardo Victor J. Valdez.
260 _aQuezon City :
_bC & E Publishing, Inc.,
_c2016.
300 _a419 pages ;
_c22 cm.
500 _aIncludes bibliographical references and index.
650 _aTaxation
_xLaw and legislation
_zPhilippines.
942 _2lcc
_cBK
999 _c335248
_d335248